Statistics for Has anyone done it - Germany

Click here to take the quiz!

General Stats

  • This quiz has been taken 32 times
  • The average score is 9 of 15

Answer Stats

QuestionAnswer% Correct
Escaped with a hot air balloon from East GermanyDone
85%
Beeing a German on the English throneDone
81%
Beeing a German YouTuber with more than 10 million subsDone
77%
Beeing a German winning a Nobel-Peace prizeDone
69%
Stole the quadriga from the Brandenburg gateDone
65%
Beeing a chancellor from Bavaria - After 1949Never done
65%
Scoring 50 goals in one Bundesliga seasonNever done
62%
Dying in office as a BundespräsidentNever done
62%
Seen a geyser in GermanyDone
50%
Sighted a wild elk in Germany after 1980Done
46%
Beeing King/Queen of ThuringiaDone
46%
After 1949 beeing elected chancellor for five times in a rowDone
42%
Bungee jumped from the Commerzbank TowerNever done
38%
Landed a plane on the Alexander PlatzNever done
35%
Reaching the top of the Zugspitze before 1800Never done
27%

Score Distribution

Percentile by Number Answered

Percent of People with Each Score

Your Score History

You have not taken this quiz